| 000 | 00000nam 2200000zi 4500 |
| 001 | 9.867884 |
| 003 | CaOODSP |
| 005 | 20241203113645 |
| 006 | m o d f |
| 007 | cr nn||||||||| |
| 008 | 190201s1987 onc o f000 0 eng d |
| 040 | |aCaOODSP|beng|erda|cCaOODSP |
| 041 | |aeng|bfre |
| 043 | |an-cn--- |
| 086 | 1 |aEn13-5/87-46E-PDF |
| 245 | 00|aHydraulics Division reports and publications / |cedited by Micheline Hawkins. |
| 264 | 1|aBurlington, Ontario : |bHydraulics Division, National Water Research Institute, |c1987. |
| 300 | |a1 online resource (1 volume (various pagings)). |
| 336 | |atext|btxt|2rdacontent |
| 337 | |acomputer|bc|2rdamedia |
| 338 | |aonline resource|bcr|2rdacarrier |
| 490 | 1 |aNWRI contribution ; |v87-46 |
| 500 | |aCover title. |
| 500 | |a"March 1987." |
| 500 | |aDigitized edition from print [produced by Environment and Climate Change Canada]. |
| 692 | 07|2gccst|aCatalogues |
| 700 | 1 |aHawkins, Micheline, |eeditor. |
| 710 | 1 |aCanada. |bEnvironment Canada. |
| 710 | 2 |aNational Water Research Institute (Canada). |bHydraulics Division. |
| 830 | #0|aNWRI contribution ;|v87-46.|w(CaOODSP)9.844121 |
| 856 | 40|qPDF|s8.64 MB|uhttps://publications.gc.ca/collections/collection_2019/eccc/En13-5-87-46-eng.pdf |